| 000 | 00630nam a22002057a 4500 | ||
|---|---|---|---|
| 005 | 20250106144044.0 | ||
| 010 | _aENG-143155 | ||
| 020 |
_c150.00 _a9789388556064 |
||
| 035 | _aEN-126687 | ||
| 037 | _bDBAD | ||
| 082 | _a954.11 | ||
| 100 |
_aBhasin, Sanjeev Kumar _975889 |
||
| 245 |
_aAmazing Land Ladakh : _bPlaces, People and Culture/ _cBy Sanjeev Kumar Bhasin |
||
| 250 | _aSecond | ||
| 260 |
_aPrayagraj _bAnjuman Prakashan _c2019 |
||
| 270 |
_a942, Mutthiganj, _bPrayagraj _e211003 _mcontact@anjumanpublication.com |
||
| 300 |
_a204p. _c21cm(pb) |
||
| 700 | _975806 | ||
| 942 |
_2ddc _cEN _h954.11 _mBHA |
||
| 999 |
_c208076 _d208076 |
||